[Event "31st Capablanca Memorial"]
[Site "Cienfuegos City CUB"]
[Date "1996.??.??"]
[Round "1"]
[White "Garcia, Gildardo"]
[Black "Becerra Rivero, Julio"]
[Result "1/2-1/2"]
[WhiteElo "2525"]
[BlackElo "2530"]
[EventDate "1996.05.??"]
[PlyCount "82"]

1.e4 c6 2.d4 d5 3.exd5 cxd5 4.c4 Nf6 5.Nc3 g6 6.cxd5 Nxd5 7.Qb3 Nb6 8.Bb5+
N8d7 9.Nf3 Bg7 10.O-O O-O 11.Re1 Nf6 12.h3 Qd6 13.Bg5 Be6 14.Qd1 Rac8 15.
Qe2 a6 16.Bd3 Nbd5 17.Ne4 Nxe4 18.Bxe4 Qb6 19.Qd2 Nf6 20.Bd3 Rfd8 21.Bf1 
Bd5 22.Rxe7 Ne4 23.Rxe4 Bxe4 24.Bxd8 Rxd8 25.Be2 Bf6 26.Rc1 Kg7 27.b3 h6 
28.Qf4 Bxf3 29.Bxf3 Rxd4 30.Qc7 Qxc7 31.Rxc7 b6 32.Kf1 Be5 33.Ra7 a5 34.
Ke2 Bf4 35.g3 Bd2 36.Bc6 Bb4 37.f4 h5 38.h4 Rd2+ 39.Ke3 Rd6 40.Bd7 Bc5+ 
41.Ke2 Kf6 1/2-1/2

[Event "31st Capablanca Memorial"]
[Site "Cienfuegos City CUB"]
[Date "1996.??.??"]
[Round "1"]
[White "Hernandez, Gilberto"]
[Black "Vera Gonzalez, Reynaldo"]
[Result "1/2-1/2"]
[WhiteElo "2555"]
[BlackElo "2495"]
[EventDate "1996.05.??"]
[PlyCount "53"]

1.e4 c5 2.Nf3 d6 3.d4 cxd4 4.Nxd4 Nf6 5.Nc3 Nc6 6.Bc4 e6 7.Bb3 Be7 8.Be3 
O-O 9.f4 Nxd4 10.Qxd4 Ng4 11.Bd2 d5 12.exd5 Bf6 13.Qg1 exd5 14.O-O-O d4 
15.Ne4 Re8 16.Re1 Ne3 17.Nxf6+ Qxf6 18.Qf2 Qb6 19.f5 Bd7 20.f6 Qxf6 21.
Qxf6 gxf6 22.Bxe3 dxe3 23.Rhf1 Bc6 24.Rxf6 Re7 25.Bc4 Rd8 26.Rf4 Rd6 27.
Bd3 1/2-1/2

[Event "31st Capablanca Memorial"]
[Site "Cienfuegos City CUB"]
[Date "1996.??.??"]
[Round "1"]
[White "Rodriguez Cespedes, Amador"]
[Black "Arencibia Rodriguez, Walter"]
[Result "1/2-1/2"]
[WhiteElo "2485"]
[BlackElo "2515"]
[EventDate "1996.05.??"]
[PlyCount "45"]

1.e4 e5 2.Nf3 Nc6 3.Bb5 Nd4 4.Nxd4 exd4 5.Bc4 h5 6.d3 Bc5 7.Nd2 c6 8.Nf3 
d5 9.exd5 cxd5 10.Bb3 Qe7+ 11.Qe2 Qxe2+ 12.Kxe2 Ne7 13.Ba4+ Bd7 14.Bxd7+ 
Kxd7 15.b4 Bxb4 16.Rb1 a5 17.a3 Bc5 18.Rxb7+ Kc6 19.Rb1 f6 20.Bb2 Nf5 21.
Rhc1 Rhe8+ 22.Kf1 Kd6 23.a4 1/2-1/2

[Event "31st Capablanca Memorial"]
[Site "Cienfuegos City CUB"]
[Date "1996.??.??"]
[Round "1"]
[White "Conquest, Stuart"]
[Black "Nogueiras Santiago, Jesus"]
[Result "1/2-1/2"]
[WhiteElo "2540"]
[BlackElo "2555"]
[EventDate "1996.05.??"]
[PlyCount "44"]

1.g3 g6 2.Bg2 Bg7 3.c4 d6 4.Nc3 Nf6 5.d4 O-O 6.e3 c5 7.Nge2 Nc6 8.O-O Bf5 
9.b3 Qc8 10.d5 Nb4 11.Bd2 Bh3 12.e4 Bxg2 13.Kxg2 Na6 14.Qc1 Nc7 15.a4 e6 
16.Bh6 Bxh6 17.Qxh6 exd5 18.exd5 Qf5 19.Qf4 Qxf4 20.Nxf4 a5 21.Nd3 Rfe8 
22.Rae1 Rxe1 1/2-1/2

[Event "31st Capablanca Memorial"]
[Site "Cienfuegos City CUB"]
[Date "1996.??.??"]
[Round "1"]
[White "Zapata Ramirez, Alonso"]
[Black "Garcia Ilundain, David"]
[Result "1/2-1/2"]
[WhiteElo "2505"]
[BlackElo "2550"]
[EventDate "1996.05.??"]
[PlyCount "66"]

1.e4 b6 2.d4 Bb7 3.Bd3 e6 4.Nf3 d6 5.O-O Nd7 6.Re1 g6 7.a4 a6 8.Nbd2 Bg7 
9.Nc4 Ngf6 10.e5 dxe5 11.Nfxe5 Nxe5 12.dxe5 Nd5 13.Be4 O-O 14.Qg4 Qe7 15.
Bg5 Qc5 16.b3 Rab8 17.Qh4 Rfe8 18.Rac1 Ba8 19.Bf3 Qb4 20.c3 Qf8 21.b4 b5 
22.axb5 axb5 23.Nb2 h6 24.Bd2 Red8 25.Rcd1 Nb6 26.Bxa8 Rxa8 27.Be3 Rxd1 
28.Rxd1 Nd5 29.Bd4 Ra2 30.Nd3 Qa8 31.g3 Ra1 32.Rxa1 Qxa1+ 33.Kg2 Qa8 
1/2-1/2

[Event "31st Capablanca Memorial"]
[Site "Cienfuegos City CUB"]
[Date "1996.??.??"]
[Round "2"]
[White "Gonzalez Davila, Richard"]
[Black "Rodriguez Cespedes, Amador"]
[Result "1/2-1/2"]
[WhiteElo "2560"]
[BlackElo "2485"]
[EventDate "1996.05.??"]
[PlyCount "51"]

1.e4 c5 2.Nf3 d6 3.Nc3 a6 4.a4 Nc6 5.d4 cxd4 6.Nxd4 Nf6 7.Be2 e5 8.Nb3 Be7
9.O-O O-O 10.f4 exf4 11.Bxf4 Be6 12.Kh1 d5 13.exd5 Nxd5 14.Nxd5 Qxd5 15.
Qxd5 Bxd5 16.Rad1 Be4 17.Rd7 Bxc2 18.Rxb7 Bxb3 19.Rxb3 Nd4 20.Rb7 Nxe2 21.
Rxe7 Nxf4 22.Rxf4 Rae8 23.Rfe4 Rxe7 24.Rxe7 Rb8 25.Ra7 g6 26.Rxa6 1/2-1/2

[Event "31st Capablanca Memorial"]
[Site "Cienfuegos City CUB"]
[Date "1996.??.??"]
[Round "2"]
[White "Wahls, Matthias"]
[Black "Vera Gonzalez, Reynaldo"]
[Result "0-1"]
[WhiteElo "2555"]
[BlackElo "2495"]
[EventDate "1996.05.??"]
[PlyCount "48"]

1.e4 c5 2.Nf3 d6 3.d4 cxd4 4.Nxd4 Nf6 5.Nc3 a6 6.f4 Qc7 7.Qf3 g6 8.Be3 b5 
9.a3 Nbd7 10.g4 Nc5 11.g5 Nfxe4 12.Nxe4 Nxe4 13.Qxe4 Bb7 14.Nxb5 axb5 15.
Qd4 e5 16.fxe5 Bg7 17.Bxb5+ Kf8 18.O-O Bxe5 19.Qc4 Qe7 20.c3 Rc8 21.Qe2 h6
22.gxh6 Bxh2+ 23.Qxh2 Qxe3+ 24.Rf2 Rxh6 0-1

[Event "31st Capablanca Memorial"]
[Site "Cienfuegos City CUB"]
[Date "1996.??.??"]
[Round "2"]
[White "Arencibia Rodriguez, Walter"]
[Black "Garcia, Gildardo"]
[Result "1-0"]
[WhiteElo "2515"]
[BlackElo "2525"]
[EventDate "1996.05.??"]
[PlyCount "123"]

1.e4 e5 2.Nf3 Nc6 3.Bb5 a6 4.Bxc6 dxc6 5.O-O Qd6 6.Na3 Be6 7.Ng5 Bd7 8.Nc4
Qe7 9.d4 f6 10.Nf3 exd4 11.Qxd4 c5 12.Qc3 O-O-O 13.Re1 Qf7 14.Be3 Nh6 15.
Rad1 Be7 16.Bf4 g5 17.Bg3 Qe6 18.Qa5 Qc6 19.Ne3 Be6 20.Nd5 Rd7 21.Nxe7+ 
Rxe7 22.e5 fxe5 23.Rxe5 b6 24.Qxa6+ Kb8 25.Nxg5 Bc8 26.Qd3 Rxe5 27.Bxe5 
Rg8 28.Qe4 Qxe4 29.Nxe4 Re8 30.f4 Ng4 31.Nf6 Nxf6 32.Bxf6 Re2 33.Rd8 Kb7 
34.Rg8 Rxc2 35.Rg7 Bf5 36.Be5 Kc6 37.Rxc7+ Kd5 38.Rg7 Be4 39.h3 b5 40.a3 
b4 41.axb4 cxb4 42.Rg5 Ke6 43.Bd4 Kf7 44.f5 Rd2 45.Bh8 b3 46.g4 Kf8 47.
Bg7+ Kf7 48.Bc3 Rg2+ 49.Kf1 Kf8 50.Rg7 Rg3 51.Rxh7 Rxc3 52.bxc3 b2 53.Rh8+
Ke7 54.Rb8 b1=Q+ 55.Rxb1 Bxb1 56.Kf2 Kd6 57.h4 Ke5 58.h5 Ba2 59.h6 Bg8 60.
Ke3 Bh7 61.c4 Bg8 62.c5 1-0

[Event "31st Capablanca Memorial"]
[Site "Cienfuegos City CUB"]
[Date "1996.??.??"]
[Round "2"]
[White "Nogueiras Santiago, Jesus"]
[Black "Hernandez, Gilberto"]
[Result "1/2-1/2"]
[WhiteElo "2555"]
[BlackElo "2555"]
[EventDate "1996.05.??"]
[PlyCount "58"]

1.d4 Nf6 2.Nf3 g6 3.c4 Bg7 4.Nc3 O-O 5.e4 d6 6.Be2 e5 7.Be3 h6 8.O-O Ng4 
9.Bc1 Nc6 10.d5 Ne7 11.Ne1 f5 12.Bxg4 fxg4 13.Nc2 g5 14.f3 gxf3 15.Rxf3 
Bd7 16.Rxf8+ Qxf8 17.Ne3 Qe8 18.Bd2 h5 19.Qb3 b6 20.Nb5 Qc8 21.Rf1 g4 22.
Qd3 Bxb5 23.cxb5 Qd7 24.Nf5 Rf8 25.Nxg7 Rxf1+ 26.Qxf1 Kxg7 27.Bg5 Ng8 28.
a4 Qf7 29.Qxf7+ Kxf7 1/2-1/2

[Event "31st Capablanca Memorial"]
[Site "Cienfuegos City CUB"]
[Date "1996.??.??"]
[Round "3"]
[White "Hernandez, Gilberto"]
[Black "Garcia Ilundain, David"]
[Result "1/2-1/2"]
[WhiteElo "2555"]
[BlackElo "2550"]
[EventDate "1996.05.??"]
[PlyCount "38"]

1.e4 c5 2.Nf3 d6 3.d4 cxd4 4.Nxd4 Nf6 5.Nc3 Nc6 6.Bc4 e6 7.Be3 a6 8.Bb3 
Qc7 9.f4 Be7 10.Qf3 O-O 11.O-O-O Na5 12.g4 b5 13.g5 Nxb3+ 14.axb3 Nd7 15.
Rhg1 Re8 16.f5 Ne5 17.Qf4 b4 18.Na4 Bd7 19.Kb1 Rac8 1/2-1/2

[Event "31st Capablanca Memorial"]
[Site "Cienfuegos City CUB"]
[Date "1996.??.??"]
[Round "3"]
[White "Vera Gonzalez, Reynaldo"]
[Black "Nogueiras Santiago, Jesus"]
[Result "1/2-1/2"]
[WhiteElo "2495"]
[BlackElo "2555"]
[EventDate "1996.05.??"]
[PlyCount "28"]

1.e4 c6 2.d4 d5 3.Nc3 dxe4 4.Nxe4 Bf5 5.Ng3 Bg6 6.h4 h6 7.Nf3 Nd7 8.h5 Bh7
9.Bd3 Bxd3 10.Qxd3 e6 11.Bf4 Qa5+ 12.Bd2 Qc7 13.O-O-O Ngf6 14.Kb1 O-O-O 
1/2-1/2

[Event "31st Capablanca Memorial"]
[Site "Cienfuegos City CUB"]
[Date "1996.??.??"]
[Round "3"]
[White "Morovic Fernandez, Ivan"]
[Black "Wahls, Matthias"]
[Result "1/2-1/2"]
[WhiteElo "2575"]
[BlackElo "2555"]
[EventDate "1996.05.??"]
[PlyCount "83"]

1.e4 d5 2.exd5 Qxd5 3.Nc3 Qa5 4.d4 c6 5.Nf3 Nf6 6.Bd2 Bf5 7.Bc4 e6 8.Qe2 
Bb4 9.O-O-O Nbd7 10.a3 Bxc3 11.Bxc3 Qc7 12.Ne5 Nxe5 13.dxe5 Nd5 14.Bd2 
O-O-O 15.g4 Bg6 16.f4 h5 17.h3 hxg4 18.hxg4 Rxh1 19.Rxh1 Qb6 20.Rf1 Qd4 
21.Bb3 Re8 22.Qh2 Be4 23.Re1 Rd8 24.Qe2 Bh7 25.Qf3 f5 26.exf6 Qxf6 27.Qf2 
b6 28.Qe2 Re8 29.f5 e5 30.Bxd5 cxd5 31.Bf4 Kb7 32.Bxe5 Qg5+ 33.Kb1 Bg8 34.
Qf3 g6 35.b3 gxf5 36.gxf5 Qd2 37.Rd1 Qa5 38.Bc3 Qc5 39.Bb2 Qe3 40.Qg4 Bf7 
41.Qg7 Re7 42.Qf6 1/2-1/2

[Event "31st Capablanca Memorial"]
[Site "Cienfuegos City CUB"]
[Date "1996.??.??"]
[Round "4"]
[White "Morovic Fernandez, Ivan"]
[Black "Rodriguez Cespedes, Amador"]
[Result "1-0"]
[WhiteElo "2575"]
[BlackElo "2485"]
[EventDate "1996.05.??"]
[PlyCount "63"]

1.e4 d5 2.exd5 Qxd5 3.Nc3 Qa5 4.d4 c6 5.Nf3 Nf6 6.Bd2 Bf5 7.Bc4 e6 8.Qe2 
Bb4 9.O-O-O Nbd7 10.a3 Bxc3 11.Bxc3 Qc7 12.Ne5 Nd5 13.Bd2 b5 14.Bb3 h5 15.
Nxd7 Qxd7 16.Ba5 Bg6 17.Rhe1 O-O 18.h3 Rfc8 19.g4 Qe7 20.Kb1 Qh4 21.f3 c5 
22.dxc5 Rxc5 23.f4 Nf6 24.f5 exf5 25.gxf5 Bxf5 26.Qe7 Rc4 27.Bc3 Rac8 28.
Bxc4 Rxc4 29.Rg1 Rxc3 30.bxc3 Qf2 31.Rd8+ Kh7 32.Rh8+ 1-0

[Event "31st Capablanca Memorial"]
[Site "Cienfuegos City CUB"]
[Date "1996.??.??"]
[Round "4"]
[White "Wahls, Matthias"]
[Black "Nogueiras Santiago, Jesus"]
[Result "1/2-1/2"]
[WhiteElo "2555"]
[BlackElo "2555"]
[EventDate "1996.05.??"]
[PlyCount "43"]

1.e4 d6 2.d4 g6 3.f4 Bg7 4.Nc3 Nf6 5.Nf3 O-O 6.Bd3 Na6 7.O-O c5 8.d5 Bg4 
9.Bc4 Nc7 10.h3 Bxf3 11.Qxf3 a6 12.a4 b6 13.Re1 Nd7 14.Ra3 Rb8 15.Rb3 Kh8 
16.Kh1 Qc8 17.Be3 b5 18.axb5 Nb6 19.Qf1 Nxc4 20.Qxc4 axb5 21.Nxb5 Rxb5 22.
Rxb5 1/2-1/2

[Event "31st Capablanca Memorial"]
[Site "Cienfuegos City CUB"]
[Date "1996.??.??"]
[Round "4"]
[White "Gonzalez Davila, Richard"]
[Black "Zapata Ramirez, Alonso"]
[Result "0-1"]
[WhiteElo "2560"]
[BlackElo "2505"]
[EventDate "1996.05.??"]
[PlyCount "168"]

1.e4 c5 2.Nf3 e6 3.b3 Nc6 4.Bb2 d6 5.d4 cxd4 6.Nxd4 e5 7.Nxc6 bxc6 8.c4 
Nf6 9.Nc3 Be7 10.Bd3 O-O 11.O-O a5 12.Qc2 Nd7 13.Na4 c5 14.Rad1 Nb8 15.Be2
Bd7 16.f4 Bxa4 17.bxa4 Qc7 18.fxe5 dxe5 19.Bg4 Ra7 20.Bc3 Nc6 21.Rd7 Qb6 
22.Rb1 Qa6 23.Rxa7 Qxa7 24.Qd2 Rd8 25.Qe1 Rd3 26.Rd1 Rxd1 27.Qxd1 Nd4 28.
Qb1 g6 29.Qe1 Qa6 30.Be2 Bg5 31.Bd3 Bd8 32.Qb1 Qd6 33.Qe1 Nc6 34.Bf1 Bg5 
35.Qe2 h5 36.Qd3 Qf6 37.Qf3 Qd8 38.Qd3 Qb6 39.Be1 Qb2 40.Qb3 Qc1 41.Bf2 
Nd4 42.Bxd4 cxd4 43.Qd3 Be3+ 44.Kh1 h4 45.g3 hxg3 46.hxg3 Qe1 47.Kh2 Qf2+ 
48.Bg2 Qxa2 49.c5 Qxa4 50.Qa6 d3 51.Qxd3 Bxc5 52.Qd5 Bd4 53.Bf1 Qc2+ 54.
Kh3 Qd1 55.Kg2 a4 56.Bc4 Qg1+ 57.Kf3 Qh1+ 58.Ke2 Qg2+ 59.Kd1 Qf3+ 60.Kd2 
Kg7 61.g4 a3 62.g5 Be3+ 63.Kc2 Bxg5 64.Qxe5+ Qf6 65.Qd5 Bf4 66.Kb3 Bd6 67.
e5 Bxe5 68.Kxa3 Qe7+ 69.Kb3 f5 70.Kc2 Kf6 71.Kd3 g5 72.Ke2 g4 73.Kf1 Kg5 
74.Kg2 f4 75.Be2 Qc7 76.Qa8 Bg7 77.Kf1 Qc3 78.Qd8+ Kh5 79.Qd5+ Kh4 80.Qh1+
Qh3+ 81.Qxh3+ Kxh3 82.Bb5 f3 83.Bd7 Bd4 84.Bc8 Kg3 0-1

[Event "31st Capablanca Memorial"]
[Site "Cienfuegos City CUB"]
[Date "1996.??.??"]
[Round "4"]
[White "Becerra Rivero, Julio"]
[Black "Hernandez, Gilberto"]
[Result "1-0"]
[WhiteElo "2530"]
[BlackElo "2555"]
[EventDate "1996.05.??"]
[PlyCount "91"]

1.e4 c5 2.c3 d5 3.exd5 Qxd5 4.d4 Nf6 5.Nf3 e6 6.Na3 Be7 7.Nb5 Na6 8.c4 Qd8
9.Be2 O-O 10.O-O Bd7 11.Nc3 cxd4 12.Nxd4 Qb6 13.Ndb5 Rfd8 14.Be3 Qa5 15.
Qb1 Nc7 16.Nd4 e5 17.Nb3 Qb4 18.Qc2 Bg4 19.a3 Qd6 20.Rad1 Qe6 21.Rxd8+ 
Rxd8 22.Bxa7 Bf5 23.Qc1 b6 24.Qe3 Na8 25.Na4 Bc2 26.Rc1 Bxb3 27.Qxb3 Rd2 
28.Qe3 Rd4 29.Nc3 Bc5 30.b4 Bf8 31.Nb5 Rd7 32.Bb8 Qe8 33.Bxe5 Re7 34.f4 
Nd7 35.Qd2 Nxe5 36.fxe5 Rxe5 37.Bf3 Qc8 38.Bd5 Nc7 39.Bxf7+ Kh8 40.Nxc7 
Qxc7 41.Rf1 Bd6 42.g3 Qe7 43.Qg2 g6 44.Bd5 Re3 45.Qf2 Rxa3 46.Qb2+ 1-0

[Event "31st Capablanca Memorial"]
[Site "Cienfuegos City CUB"]
[Date "1996.??.??"]
[Round "4"]
[White "Arencibia Rodriguez, Walter"]
[Black "Conquest, Stuart"]
[Result "1-0"]
[WhiteElo "2515"]
[BlackElo "2540"]
[EventDate "1996.05.??"]
[PlyCount "105"]

1.e4 g6 2.d4 Bg7 3.Nf3 d6 4.c3 Nd7 5.Bd3 e5 6.O-O Ne7 7.Na3 O-O 8.Re1 b6 
9.Qb3 Bb7 10.Bg5 h6 11.Bh4 g5 12.Bg3 Ng6 13.h3 Nf4 14.Bxf4 gxf4 15.Nc4 a5 
16.a4 Kh8 17.Ncd2 Qe7 18.Bc4 Rad8 19.Rad1 Bc8 20.Nb1 Bf6 21.Kh2 Kg7 22.Rg1
Bg5 23.Nbd2 Nf6 24.Rde1 Rh8 25.Rh1 Rh7 26.Kg1 Nd7 27.Bb5 Bf6 28.Qc4 Nb8 
29.d5 Kh8 30.b4 Rg8 31.Kh2 Qd8 32.Rhg1 Nd7 33.Ba6 Bxa6 34.Qxa6 Bh4 35.Qe2 
h5 36.Kh1 Be7 37.Nb3 axb4 38.cxb4 f5 39.exf5 Nf6 40.Nh4 Rg5 41.Ng6+ Kg8 
42.Nd4 Qd7 43.Ne6 Rxf5 44.Qc2 Ng4 45.f3 Rf6 46.g3 Qe8 47.Nxe7+ Qxe7 48.
gxf4 Kh8 49.Ng5 Rhh6 50.fxg4 Rxf4 51.gxh5 Rxh5 52.Qg6 Rhh4 53.Re4 1-0

[Event "31st Capablanca Memorial"]
[Site "Cienfuegos City CUB"]
[Date "1996.??.??"]
[Round "5"]
[White "Garcia, Gildardo"]
[Black "Morovic Fernandez, Ivan"]
[Result "1/2-1/2"]
[WhiteElo "2525"]
[BlackElo "2575"]
[EventDate "1996.05.??"]
[PlyCount "103"]

1.e4 c5 2.Nc3 e6 3.Nf3 a6 4.d4 cxd4 5.Nxd4 Nc6 6.Be2 Qc7 7.O-O Nf6 8.Kh1 
Bc5 9.Nb3 Ba7 10.f4 d6 11.Qd3 O-O 12.Qg3 d5 13.e5 Ne4 14.Nxe4 dxe4 15.Be3 
b5 16.Nd2 Bb7 17.Nxe4 Bxe3 18.Qxe3 Nb4 19.Bd3 Nxd3 20.cxd3 Bxe4 21.dxe4 
Rac8 22.Rac1 Qb7 23.h3 h6 24.f5 Rxc1 25.Rxc1 Rc8 26.Rxc8+ Qxc8 27.f6 Kh7 
28.fxg7 Kxg7 29.Qg3+ Kh7 30.Qf4 Qc7 31.Kh2 Kg8 32.Qg3+ Kf8 33.Qc3 Qb6 34.
Kg3 Kg7 35.Kf3 Qg1 36.Qd2 Qf1+ 37.Ke3 Qg1+ 38.Qf2 Qc1+ 39.Kf3 Kf8 40.a3 
Qc8 41.Kg3 Kg7 42.Kh2 Qc1 43.h4 a5 44.Kh3 b4 45.axb4 axb4 46.Kg4 Qd1+ 47.
Kf4 Qc1+ 48.Kf3 b3 49.Qd4 Qf1+ 50.Qf2 Qc1 51.Qd4 Qf1+ 52.Qf2 1/2-1/2

[Event "31st Capablanca Memorial"]
[Site "Cienfuegos City CUB"]
[Date "1996.??.??"]
[Round "5"]
[White "Conquest, Stuart"]
[Black "Gonzalez Davila, Richard"]
[Result "1-0"]
[WhiteElo "2540"]
[BlackElo "2560"]
[EventDate "1996.05.??"]
[PlyCount "87"]

1.c4 c5 2.Nf3 Nc6 3.d4 cxd4 4.Nxd4 g6 5.Nc2 Bg7 6.e4 Nf6 7.Nc3 d6 8.Be2 
O-O 9.O-O Bd7 10.Bd2 Rc8 11.Rc1 a6 12.Kh1 Qc7 13.f3 Qb8 14.b3 Ne8 15.Nd5 
Nc7 16.Nb6 Rcd8 17.Nxd7 Rxd7 18.f4 b5 19.Ne3 b4 20.Bg4 Rdd8 21.Qe1 a5 22.
Qh4 Na6 23.Rf3 Bf6 24.Qe1 e6 25.f5 Nc5 26.Rh3 Ne5 27.Qe2 Qb7 28.Rf1 Qxe4 
29.Bf3 Qd3 30.Qe1 Ne4 31.Ng4 Nxg4 32.Bxe4 Qd4 33.Rd3 Qc5 34.fxe6 fxe6 35.
Bxg6 Ne5 36.Bxh7+ Kxh7 37.Rh3+ Kg8 38.Rg3+ Kf7 39.Bg5 Nd7 40.Qe4 Ke7 41.
Bxf6+ Rxf6 42.Qh7+ Ke8 43.Rg8+ Rf8 44.Qf7# 1-0

[Event "31st Capablanca Memorial"]
[Site "Cienfuegos City CUB"]
[Date "1996.??.??"]
[Round "5"]
[White "Rodriguez Cespedes, Amador"]
[Black "Wahls, Matthias"]
[Result "1/2-1/2"]
[WhiteElo "2485"]
[BlackElo "2555"]
[EventDate "1996.05.??"]
[PlyCount "25"]

1.e4 c5 2.Nf3 e6 3.d4 cxd4 4.Nxd4 Qb6 5.Nb3 Qc7 6.Bd3 Nf6 7.c4 d6 8.Nc3 a6
9.O-O Nbd7 10.f4 Be7 11.Qe2 O-O 12.Bd2 b6 13.Rae1 1/2-1/2

[Event "31st Capablanca Memorial"]
[Site "Cienfuegos City CUB"]
[Date "1996.??.??"]
[Round "5"]
[White "Nogueiras Santiago, Jesus"]
[Black "Garcia Ilundain, David"]
[Result "1-0"]
[WhiteElo "2555"]
[BlackElo "2550"]
[EventDate "1996.05.??"]
[PlyCount "53"]

1.Nf3 Nf6 2.c4 e6 3.Nc3 Bb4 4.g3 b6 5.Bg2 Bb7 6.O-O O-O 7.d3 Bxc3 8.bxc3 
d6 9.e4 Nbd7 10.Nd4 c5 11.Nc2 d5 12.exd5 exd5 13.Ne3 Ne5 14.d4 cxd4 15.
cxd4 Ng6 16.Ba3 Re8 17.Nf5 Re6 18.c5 Ne4 19.Nd6 Nxd6 20.cxd6 Re8 21.Re1 
Rxe1+ 22.Qxe1 Qd7 23.Rc1 Re8 24.Qd1 Qb5 25.Bf1 Qa5 26.Qb3 Qd2 27.d7 1-0

[Event "31st Capablanca Memorial"]
[Site "Cienfuegos City CUB"]
[Date "1996.??.??"]
[Round "6"]
[White "Morovic Fernandez, Ivan"]
[Black "Zapata Ramirez, Alonso"]
[Result "1-0"]
[WhiteElo "2575"]
[BlackElo "2505"]
[EventDate "1996.05.??"]
[PlyCount "109"]

1.e4 c5 2.Nf3 e6 3.d4 cxd4 4.Nxd4 a6 5.Bd3 Nf6 6.O-O Qc7 7.Qe2 d6 8.c4 Be7
9.Nc3 O-O 10.Kh1 Nbd7 11.f4 Re8 12.Nf3 Nc5 13.Bc2 e5 14.f5 b5 15.Bg5 b4 
16.Nd1 Bb7 17.Nf2 a5 18.Bxf6 Bxf6 19.Ng4 a4 20.Nxf6+ gxf6 21.Nd2 Kf8 22.
Qe3 Ke7 23.Bd1 Rg8 24.Bf3 Qb6 25.Rfd1 Nd7 26.Qe2 Rac8 27.Nf1 Nc5 28.Rd2 
Qa6 29.Rad1 Rcd8 30.Ng3 Bc6 31.Nh5 Rg5 32.Qe3 Qxc4 33.Nxf6 Kxf6 34.Rxd6+ 
Rxd6 35.Rxd6+ Ke7 36.Rxc6 Qf1+ 37.Qg1 Qxg1+ 38.Kxg1 Nd3 39.Be2 Nf4 40.Bf3 
Nd3 41.Rc7+ Kf6 42.b3 axb3 43.axb3 Rg8 44.Bh5 Kg5 45.Be2 Nf4 46.Bc4 Ra8 
47.Rxf7 Ra2 48.Rg7+ Kf6 49.Rf7+ Kg5 50.Kf1 h5 51.h4+ Kxh4 52.Rg7 Ra1+ 53.
Kf2 Nd3+ 54.Ke3 Nc5 55.g3+ 1-0

[Event "31st Capablanca Memorial"]
[Site "Cienfuegos City CUB"]
[Date "1996.??.??"]
[Round "6"]
[White "Wahls, Matthias"]
[Black "Garcia Ilundain, David"]
[Result "1/2-1/2"]
[WhiteElo "2555"]
[BlackElo "2550"]
[EventDate "1996.05.??"]
[PlyCount "63"]

1.e4 c5 2.Nf3 d6 3.d4 cxd4 4.Nxd4 Nf6 5.Nc3 Nc6 6.Bg5 e6 7.Qd2 h6 8.Bxf6 
gxf6 9.O-O-O a6 10.f4 Bd7 11.Kb1 h5 12.f5 Qb6 13.Nf3 O-O-O 14.Bc4 Kb8 15.
Rhf1 Be7 16.Bb3 Qc5 17.Ne2 Na5 18.Nf4 Nxb3 19.axb3 Rhg8 20.g3 d5 21.e5 
exf5 22.Qxd5 Bc6 23.Qxc5 Rxd1+ 24.Rxd1 Bxc5 25.Nd5 Rd8 26.c4 fxe5 27.Nxe5 
f6 28.Ng6 Bxd5 29.cxd5 Bd6 30.Rf1 Rg8 31.Nf4 h4 32.gxh4 1/2-1/2

[Event "31st Capablanca Memorial"]
[Site "Cienfuegos City CUB"]
[Date "1996.??.??"]
[Round "6"]
[White "Arencibia Rodriguez, Walter"]
[Black "Vera Gonzalez, Reynaldo"]
[Result "1/2-1/2"]
[WhiteElo "2515"]
[BlackElo "2495"]
[EventDate "1996.05.??"]
[PlyCount "28"]

1.d4 Nf6 2.c4 c5 3.d5 e6 4.Nc3 exd5 5.cxd5 d6 6.e4 g6 7.Nf3 Bg7 8.Be2 O-O 
9.O-O Re8 10.Nd2 Nbd7 11.Qc2 Ne5 12.Re1 Nfg4 13.Nf1 Qh4 14.Bxg4 Bxg4 
1/2-1/2

[Event "31st Capablanca Memorial"]
[Site "Cienfuegos City CUB"]
[Date "1996.??.??"]
[Round "6"]
[White "Rodriguez Cespedes, Amador"]
[Black "Garcia, Gildardo"]
[Result "1/2-1/2"]
[WhiteElo "2485"]
[BlackElo "2525"]
[EventDate "1996.05.??"]
[PlyCount "93"]

1.e4 e5 2.Nf3 Nc6 3.Bb5 a6 4.Ba4 Nf6 5.O-O Be7 6.Re1 b5 7.Bb3 O-O 8.h3 Bb7
9.d3 Re8 10.c3 h6 11.Nbd2 Bf8 12.Nf1 Na5 13.Bc2 c5 14.Ng3 d5 15.Nh2 c4 16.
Ng4 cxd3 17.Qxd3 Nxg4 18.hxg4 dxe4 19.Qe2 Nc4 20.Nxe4 Nd6 21.Rd1 Qb6 22.
Be3 Qc6 23.f3 Nxe4 24.Bxe4 Qc7 25.Bxb7 Qxb7 26.Rd2 Rad8 27.Rad1 Rxd2 28.
Qxd2 Qc8 29.Kf2 e4 30.Qd7 Qb8 31.f4 Be7 32.Qa7 Qc8 33.Rd7 Bh4+ 34.g3 Rd8 
35.Rxd8+ Bxd8 36.Qd4 Bf6 37.Qxe4 Qxg4 38.Qa8+ Kh7 39.Qxa6 h5 40.Qxb5 h4 
41.Qd3+ Kg8 42.Bd4 hxg3+ 43.Kg2 Bxd4 44.cxd4 Qxf4 45.Qxg3 Qe4+ 46.Qf3 Qxd4
47.b3 1/2-1/2

[Event "31st Capablanca Memorial"]
[Site "Cienfuegos City CUB"]
[Date "1996.??.??"]
[Round "7"]
[White "Garcia, Gildardo"]
[Black "Wahls, Matthias"]
[Result "0-1"]
[WhiteElo "2525"]
[BlackElo "2555"]
[EventDate "1996.05.??"]
[PlyCount "106"]

1.e4 e5 2.Nf3 Nc6 3.Bb5 a6 4.Ba4 Nf6 5.O-O Be7 6.Re1 b5 7.Bb3 d6 8.c3 O-O 
9.h3 Na5 10.Bc2 c5 11.d4 Qc7 12.Nbd2 cxd4 13.cxd4 Rd8 14.Nf1 exd4 15.Nxd4 
d5 16.e5 Ne4 17.f3 Bc5 18.fxe4 dxe4 19.Rxe4 Nc6 20.Be3 Nxd4 21.Rh4 Bf5 22.
Be4 Rac8 23.b4 Bb6 24.Qh5 Qxe5 25.Bxf5 Qxf5 26.Qxf5 Nxf5 27.Bxb6 Nxh4 28.
Bxd8 Rxd8 29.Rc1 g6 30.Rc6 Ra8 31.Ne3 a5 32.bxa5 Rxa5 33.Rc2 f5 34.Kf2 f4 
35.Nd5 g5 36.g3 fxg3+ 37.Kxg3 Ra4 38.Rc7 h6 39.Rd7 Kf8 40.Nf6 Nf5+ 41.Kf2 
Rxa2+ 42.Kf3 Ra6 43.Ne4 Nh4+ 44.Kf2 Ra4 45.Nc5 Ra3 46.Rb7 Rxh3 47.Ne6+ Kg8
48.Rxb5 Rf3+ 49.Kg1 Rf6 50.Nc7 Kf7 51.Nd5 Rd6 52.Kf2 Nf5 53.Kf3 Nd4+ 0-1

[Event "31st Capablanca Memorial"]
[Site "Cienfuegos City CUB"]
[Date "1996.??.??"]
[Round "7"]
[White "Conquest, Stuart"]
[Black "Morovic Fernandez, Ivan"]
[Result "1-0"]
[WhiteElo "2540"]
[BlackElo "2575"]
[EventDate "1996.05.??"]
[PlyCount "119"]

1.e4 c6 2.Nc3 d5 3.f4 dxe4 4.Nxe4 Nf6 5.Nf2 g6 6.Nf3 Bg7 7.Bc4 O-O 8.O-O 
c5 9.d3 Nc6 10.a3 b6 11.Bd2 Bb7 12.Rb1 Nd4 13.Ne5 Qc7 14.c3 Nc6 15.Qe2 e6 
16.b4 Ne7 17.Nh3 Bd5 18.Ba6 Rad8 19.Ng5 Nf5 20.g4 Nd6 21.bxc5 Qxc5+ 22.d4 
Qc7 23.Bd3 Ba8 24.c4 Qb7 25.Ngf3 Nfe4 26.c5 Nxd2 27.Qxd2 Ne4 28.Qc2 Nf6 
29.c6 Qc7 30.Rbc1 Nd5 31.Qd2 Rd6 32.f5 exf5 33.gxf5 Ne7 34.fxg6 hxg6 35.
Qf4 Rxc6 36.Ng5 Rxc1 37.Rxc1 Qd6 38.Bc4 Bd5 39.Qh4 Rc8 40.Nexf7 Bxf7 41.
Bxf7+ Kf8 42.Rf1 Nf5 43.Qh7 Bxd4+ 44.Kh1 Qc6+ 45.Nf3 Ne3 46.Bb3 Rc7 47.
Qxc7 Qxc7 48.Nxd4+ Ke8 49.Rf8+ Kxf8 50.Ne6+ Ke7 51.Nxc7 a5 52.Nd5+ Nxd5 
53.Bxd5 b5 54.Kg2 Kd6 55.Bf7 g5 56.Kf3 Ke5 57.Kg4 Kf6 58.Bb3 Kg6 59.Bc2+ 
Kf6 60.h3 1-0

[Event "31st Capablanca Memorial"]
[Site "Cienfuegos City CUB"]
[Date "1996.??.??"]
[Round "7"]
[White "Nogueiras Santiago, Jesus"]
[Black "Arencibia Rodriguez, Walter"]
[Result "0-1"]
[WhiteElo "2555"]
[BlackElo "2515"]
[EventDate "1996.05.??"]
[PlyCount "66"]

1.d4 Nf6 2.Nf3 c5 3.d5 b5 4.Bg5 Ne4 5.Bh4 Qb6 6.Nbd2 f5 7.Nxe4 fxe4 8.Nd2 
Qh6 9.Bg3 e3 10.fxe3 d6 11.e4 Nd7 12.e3 Qxe3+ 13.Be2 Rb8 14.Bf2 Qh6 15.O-O
g6 16.a4 b4 17.Nc4 Bg7 18.Be3 g5 19.Qd2 Qg6 20.h4 Ne5 21.Bxg5 Nxc4 22.Bxc4
Bxb2 23.e5 h6 24.Bf4 Bd4+ 25.Kh1 dxe5 26.Bh2 Bxa1 27.Rxa1 Qe4 28.Bd3 Qxh4 
29.Bg6+ Kd8 30.Qe3 Rb7 31.Rf1 Rg8 32.Qxe5 Qg5 33.Qg7 Qxg2+ 0-1

[Event "31st Capablanca Memorial"]
[Site "Cienfuegos City CUB"]
[Date "1996.??.??"]
[Round "7"]
[White "Vera Gonzalez, Reynaldo"]
[Black "Gonzalez Davila, Richard"]
[Result "1/2-1/2"]
[WhiteElo "2495"]
[BlackElo "2560"]
[EventDate "1996.05.??"]
[PlyCount "103"]

1.d4 d5 2.c4 c6 3.Nc3 Nf6 4.cxd5 cxd5 5.Bf4 Nc6 6.e3 a6 7.Bd3 Bg4 8.f3 Bh5
9.Nge2 e6 10.O-O Be7 11.Rc1 O-O 12.Na4 Nd7 13.a3 Rc8 14.b4 b5 15.Nc5 Nxc5 
16.bxc5 Qa5 17.a4 bxa4 18.Ra1 a3 19.Qb3 e5 20.Rxa3 Qd8 21.Bg3 a5 22.Qa4 
exd4 23.exd4 Nb4 24.Nf4 Nxd3 25.Rxd3 Bg6 26.Nxg6 hxg6 27.Rb1 Bf6 28.Kf1 
Bh4 29.Be5 Re8 30.Rdd1 Bf6 31.Bd6 Be7 32.Bg3 Bh4 33.Be5 Bf6 34.Bd6 Be7 35.
Bg3 Bh4 36.Re1 Rxe1+ 37.Rxe1 Bxg3 38.hxg3 Qg5 39.Re8+ Rxe8 40.Qxe8+ Kh7 
41.Qe1 Qf5 42.Qc1 Qd3+ 43.Kg1 Qxd4+ 44.Kh2 Qe5 45.c6 Qc7 46.Qc5 a4 47.Qxd5
a3 48.f4 Qa7 49.Qd8 a2 50.c7 Qc5 51.Qh4+ Kg8 52.Qd8+ 1/2-1/2